000 00517nam a22001577a 4500
003 OSt
005 20221006192756.0
008 221006b |||||||| |||| 00| 0 eng d
040 _cBiblioteca Lado V
082 _a702.81
_bC397m
110 _9100
_aCentro Costarricense de Producción Cinematográfica
_eautor
245 _aMuestra de la Muestra/
_bCine y video Costarricense/
260 _aCosta Rica
_bUniversidad Veritas
_c2001
300 _a69p.
_c21x14cm
942 _2ddc
_c1
_h702.81
_iC397m
_n0
999 _c2211
_d2211